The International Monetary System in the (Very) Long Run /

This paper takes stock of the evolution of the international monetary system over the last thousand years. Several points stand out from the analysis. One is the reluctance of governments to embrace radical changes in international monetary relations. Another is the conflict between external and dom...

Mô tả đầy đủ

Chi tiết về thư mục
Tác giả chính: Sussman, Nathan
Tác giả khác: Eichengreen, Barry
Định dạng: Tạp chí
Ngôn ngữ:English
Được phát hành: Washington, D.C. : International Monetary Fund, 2000.
Loạt:IMF Working Papers; Working Paper ; No. 2000/043
Truy cập trực tuyến:Full text available on IMF
LEADER 01753cas a2200253 a 4500
001 AALejournalIMF007684
008 230101c9999 xx r poo 0 0eng d
020 |c 5.00 USD 
020 |z 9781451846317 
022 |a 1018-5941 
040 |a BD-DhAAL  |c BD-DhAAL 
100 1 |a Sussman, Nathan. 
245 1 4 |a The International Monetary System in the (Very) Long Run /  |c Nathan Sussman, Barry Eichengreen. 
264 1 |a Washington, D.C. :  |b International Monetary Fund,  |c 2000. 
300 |a 1 online resource (55 pages) 
490 1 |a IMF Working Papers 
500 |a <strong>Off-Campus Access:</strong> No User ID or Password Required 
500 |a <strong>On-Campus Access:</strong> No User ID or Password Required 
506 |a Electronic access restricted to authorized BRAC University faculty, staff and students 
520 3 |a This paper takes stock of the evolution of the international monetary system over the last thousand years. Several points stand out from the analysis. One is the reluctance of governments to embrace radical changes in international monetary relations. Another is the conflict between external and domestic objectives over the cycle, which has been a source of significant tension in the industrial core through much of this century, is now becoming a significant issue for developing countries. Finally, recent developments represent a return to the more market-driven international monetary system that characterized the better part of the preceeding millennium. 
538 |a Mode of access: Internet 
700 1 |a Eichengreen, Barry. 
830 0 |a IMF Working Papers; Working Paper ;  |v No. 2000/043 
856 4 0 |z Full text available on IMF  |u http://elibrary.imf.org/view/journals/001/2000/043/001.2000.issue-043-en.xml  |z IMF e-Library